000 00413nam a2200157Ia 4500
008 210716s1998 xx 000 0 und d
020 _a672313219
041 _aeng
082 _a005.2631 WARN
100 _aWarner, Nancy.
245 _aSams teach yourself: office 97in 10 minutes.
_bOffice 97in 10 minutes.
250 _a1
260 _aUSA
_bSAMS publishing
_c1998
300 _axi,212
650 _aMS Office
999 _c181381
_d181381